Análisis de sistemas alternativos de cobro de tarifas en la locomoción colectiva urbana

Збережено в:
Бібліографічні деталі
Автори: Díaz F., J (Автор), Cea C., J. de (Автор)
Формат: Книга
Мова:Іспанська
Опубліковано: Santiago Pontificia Universidad Católica de Chile 1978
Серія:Documento de Trabajo, 27
Предмети:
Теги: Додати тег
Немає тегів, Будьте першим, хто поставить тег для цього запису!

MARC

LEADER 00000nam a2200000 a 4500
001 UCU6502
003 CL-VaPUC
008 960621e19780900CL |||||||||||||||||spa|d
082 0 4 |a 388.8  |b DIA  |2 21 
100 0 |a Díaz F., J  |e author  |9 364725 
700 0 |a Cea C., J. de  |e author  |9 364726 
245 1 0 |a Análisis de sistemas alternativos de cobro de tarifas en la locomoción colectiva urbana 
300 |a 75 h 
942 |c BK 
945 |d 19960621 00:00:00  |a cmena 
260 |a Santiago  |b Pontificia Universidad Católica de Chile  |c 1978 
500 |a Este trabajo fue realizado para el Ministerio de Transportes y Telecomunicaciones de Chile como parte del convenio Estructuración de la Red de Transporte Colectivo de Santiago 
650 7 |a TRANSPORTE DE PASAJEROS  |2 CL-VaPUC  |9 260885 
650 0 |a Transporte urbano  |9 260307 
650 0 |a Planificación urbana   |9 258176 
650 7 |a SERVICIOS DE TRANSPORTE  |2 CL-VaPUC  |9 358013 
650 0 |a Transporte público  |9 348060 
583 |a last modification  |c 19960621 00:00:00  |k Rodrigo Vera 
490 0 |a Documento de Trabajo, 27 
999 |c 249389  |d 249387 
952 |0 0  |1 0  |4 0  |6 388_800000000000000_DIA_1978  |7 0  |8 A  |9 266629  |a BIBING  |b BIBING  |d 2019-11-19  |i 1693158  |o 388.8 DIA 1978  |p 1693158  |r 2025-01-20  |w 2019-11-19  |y BK  |k TRA